000 01103nam a2200289 i 4500
003 EG-GICUC
005 20260121101216.0
008 251112s1968 ua ||||fr|||||||| ||ara d
040 _a EG-GICUC
_bara
_c EG-GICUC
_d EG-GICUC
_erda
082 0 4 _221
_a341.1
_bش م . م
092 0 4 _221
099 _alaw1 12 341.81 ش م . م 3 ed - 1968
100 0 _aشمس الدين الوكيل
_eمؤلف.
245 _aالموجز في الجنسية ومركز الاجانب :
_cشمس الدين الوكيل.
264 _aالاسكندرية:
_bمنشأة المعارف
_c1968 .
300 _a468 ؛ صفحة
_c24 سم
336 _2rda content
_atext
337 _2rda media
_aComputer
338 _2rda carrier
_aOnline Resource
504 _aيحتوي على ارجاعات ببليوجرافية
546 _aالنص باللغة العربية
650 1 4 _aالجنسية -- قانون دولي
650 1 4 _aالأجانب -- مركز قانوني -- قانون دولي
856 4 0 _uhttps://fll.law.cu.edu.eg/fulltext/bks/B12-01261.pdf
905 _a75
942 _2ddc
_cBK
_e21
_n0
999 _c42952
_d42952